Online Catalogue and eLibrary

Sri Lanka law on parent and child (Record no. 2843)

MARC details
000 -LEADER
fixed length control field 00458nam a2200181Ia 4500
005 - DATE AND TIME OF LATEST TRANSACTION
control field 20240604032808.0
008 - FIXED-LENGTH DATA ELEMENTS--GENERAL INFORMATION
fixed length control field 240331s9999 xx 000 0 und d
020 ## - INTERNATIONAL STANDARD BOOK NUMBER
ISBN 9552100674
082 ## - DDC Classification
Item Number - Author Mark GOO
Class No. 346
100 ## - MAIN ENTRY--PERSONAL NAME
Personal name Goonesekera, Savitri
245 #0 - TITLE STATEMENT
Title Sri Lanka law on parent and child
250 ## - EDITION STATEMENT
Edition statement 1 st
260 ## - PUBLICATION, DISTRIBUTION, ETC.
Place of publication, distribution, etc. Colombo
Name of publisher, distributor, etc. M.D. Gunasena & Co. LTD.
Date of publication, distribution, etc. 1987
300 ## - PHYSICAL DESCRIPTION
Extent (e.g. Volumes, Pages etc.) Xliv, 509 p .,
650 ## - SUBJECT ADDED ENTRY--TOPICAL TERM
Topical term or geographic name entry element Family Law
650 ## - SUBJECT ADDED ENTRY--TOPICAL TERM
Topical term or geographic name entry element Legal History
942 ## - Koha item type (Biblio)
Koha item type Books in Stacks (Lending)
Holdings
Lost status Damaged status Collection code Home library Current library Shelving location Date acquired Full call number Accession Number Item type
    Lending WERC Library WERC Library Social Science Cupboard 03/31/2024 346 GOO 1739 Books in Stacks (Lending)

© WERC Library